000
00310nam a2200109Ia 4500
008
180323s9999 xx 000 0 und d
020
_a
971879753
100
_a
Lee, Emeteria P.
245
_a
Edukasyon :
_b
Studies on pedagogy for filipinos
260
_a
Quezon City:
_b
1995
_c
UP diliman Pub
300
_a
v,88 pages
999
_c
356354
_d
356354